[Event "Provence-ch Majeur op 9293"]
[Site "France"]
[Date "1992.??.??"]
[Round "6"]
[White "Aroutunian, S."]
[Black "Madranges, Jean"]
[Result "1-0"]
[WhiteElo "1810"]
[BlackElo "1770"]
[PlyCount "69"]
[EventDate "1992.??.??"]
[EventType "swiss"]
[EventRounds "9"]
[EventCountry "FRA"]
[SourceTitle "EXT 2005"]
[Source "ChessBase"]
[SourceDate "2004.11.15"]
[SourceVersion "1"]
[SourceVersionDate "2004.11.15"]
[SourceQuality "1"]

1. e4 c5 2. f4 d6 3. Nf3 Nf6 4. Nc3 g6 5. Bc4 Bg7 6. 0-0 0-0 7. d3 Nc6 8. a3 Bg4 9. h3 Bxf3 10. Rxf3 Nd4 11. Rf1 a6 12. Ne2 b5 13. Ba2 Qb6 14. Nxd4 cxd4 15. f5 Rac8 16. Bg5 Rc7 17. h4 Nxe4 18. Qg4 Nxg5 19. Qxg5 Rc5 20. Qxe7 Rxc2 21. fxg6 Qc6 22. Bxf7+ Kh8 23. Bd5 Rxg2+ 24. Kxg2 Qxd5+ 25. Qe4 Qxe4+ 26. dxe4 Rxf1 27. Rxf1 hxg6 28. b3 d3 29. Kf3 d2 30. Ke2 Bc3 31. Rf7 b4 32. a4 Kg8 33. Ra7 Bf6 34. Kxd2 Bxh4 35. Rxa6 1-0

[Event "Provence-ch Majeur op 9293"]
[Site "France"]
[Date "1992.??.??"]
[Round "8"]
[White "Hurtevent, A."]
[Black "Aroutunian, S."]
[Result "1/2-1/2"]
[WhiteElo "1740"]
[BlackElo "1810"]
[PlyCount "99"]
[EventDate "1992.??.??"]
[EventType "swiss"]
[EventRounds "9"]
[EventCountry "FRA"]
[SourceTitle "EXT 2005"]
[Source "ChessBase"]
[SourceDate "2004.11.15"]
[SourceVersion "1"]
[SourceVersionDate "2004.11.15"]
[SourceQuality "1"]

1. e4 c5 2. c3 Nc6 3. d4 cxd4 4. cxd4 e6 5. Nc3 Nge7 6. Nf3 d5 7. e5 Nf5 8. g4 Nfe7 9. h4 Qb6 10. Nb5 Ng8 11. Be2 a6 12. Nc3 Bd7 13. Na4 Bb4+ 14. Kf1 Qc7 15. a3 Be7 16. b4 b5 17. Nc5 Bxc5 18. bxc5 Nge7 19. Bd2 0-0 20. Qb1 f6 21. Bf4 Ng6 22. Bg3 fxe5 23. Nxe5 Ncxe5 24. dxe5 Qxc5 25. Rh2 Qc3 26. Bd3 Nxe5 27. Bxh7+ Kh8 28. Bxe5 Qxe5 29. Rg2 Rac8 30. Ra2 Qe3 31. Rc2 Qxa3 32. Kg1 Rxc2 33. Qxc2 Rc8 34. Qg6 Qc1+ 35. Kh2 Qf4+ 36. Kh3 Rc3+ 37. Rg3 Rxg3+ 38. fxg3 Qf6 39. Qc2 e5 40. Bd3 e4 41. Qc7 exd3 42. Qxd7 d2 43. Qe8+ Kh7 44. Qh5+ Qh6 45. Qxd5 Qe3 46. Qf5+ Kg8 47. Qd5+ Kf8 48. Qd8+ Kf7 49. Qd7+ Kg8 50. Qd5+ 1/2-1/2

[Event "Provence-chB"]
[Site "Provence"]
[Date "1990.??.??"]
[Round "6"]
[White "Dumas, JL."]
[Black "Aroutunian, S."]
[Result "1-0"]
[WhiteElo "1740"]
[BlackElo "1730"]
[PlyCount "69"]
[EventDate "1990.??.??"]
[EventType "swiss"]
[EventRounds "7"]
[EventCountry "FRA"]
[SourceTitle "EXT 2005"]
[Source "ChessBase"]
[SourceDate "2004.11.15"]
[SourceVersion "1"]
[SourceVersionDate "2004.11.15"]
[SourceQuality "1"]

1. d4 d5 2. c4 c6 3. Nc3 Nf6 4. Nf3 Bg4 5. e3 e6 6. Be2 Be7 7. 0-0 0-0 8. Ne5 Bxe2 9. Qxe2 Nbd7 10. Nxd7 Qxd7 11. Bd2 c5 12. cxd5 cxd4 13. dxe6 fxe6 14. exd4 Bd6 15. Ne4 Rae8 16. a3 Nxe4 17. Qxe4 Rf5 18. Qg4 Ref8 19. Rac1 R8f6 20. Rc3 Rg6 21. Qe2 Bc7 22. Rf3 Qd5 23. Kh1 Bxh2 24. Kxh2 Rh5+ 25. Kg1 Rh3 26. Rg3 Rhxg3 27. fxg3 Rxg3 28. Qf2 Rxg2+ 29. Qxg2 Qxd4+ 30. Qf2 Qg4+ 31. Qg2 Qd4+ 32. Rf2 e5 33. Qxb7 Qg4+ 34. Qg2 Qd1+ 35. Rf1 1-0